| 000 | 00477nam a2200193Ia 4500 | ||
|---|---|---|---|
| 003 | GCL | ||
| 008 | 140319s9999 xx 000 0 eng d | ||
| 040 |
_aGCL / _cGCL |
||
| 082 | 0 | 4 |
_aCC _b932.014 _bA A |
| 100 | 1 | _aALDRED, CYRIL | |
| 245 | 1 | 0 |
_aAKHENATEN: KING OF EGYPT / _cALDRED, CYRIL |
| 260 |
_a[S.N] : _bTHAMES AND HUDSON ، _c1994 |
||
| 300 | _a320 P | ||
| 650 | 0 | 4 | _aEGYPT |
| 650 | 0 | 4 | _aEGYPTOLOGY |
| 650 | 0 | 4 | _aAKHENATEN |
| 650 | 0 | 4 | _aNEW KINGDOM |
| 942 |
_2ddc _cBK |
||
| 999 |
_c25063 _d25063 |
||